00777cam a22002534a 45000010009000000050017000090080041000260100017000670200027000840200022001110400018001330410008001510420008001590800016001670820020001831000007002031010008002102450052002185040064002709060045003349420012003799990017003919520115004081224364820180115040502.0001129s2001 nyua b 001 0 eng  a 00067750  a1572306513 (hardcover) a1572306521 (pbk.) aDLCcDLCdDLC aeng apcc a612.82 JAM00a612.82 JAM2211 a48 aPSI10aMinds, brains, and learning :cJames P. Byrnes. aIncludes bibliographical references (p. 195-207) and index. a7bcbccorignewd1eocipf20gy-gencatlg 2ddccBK c40231d40231 00102udc40708PËKGa002b002cPËKGd2018-01-15l0o612.82 JAMp002-2995494r2018-01-15w2018-01-15yBK